FCI-Gruppen - Statistiken

Allgemein
  • Dieses Quiz wurde 24 mal gespielt
  • Das Durchschnittsergebnis liegt bei 7 aus 10
Antwortstatistiken
Antwort % Korrekt
Hütehunde und Treibhunde
100%
Apportierhunde, Stöberhunde, Wasserhunde
85%
Terrier
85%
Windhunde
85%
Dachshunde
77%
Spitze und Hunde vom Urtyp
77%
Gesellschaftshunde, Begleithunde
69%
Pinscher und Schnauzer, Molosser, Schweizer Sennenhunde
62%
Laufhunde, Schweisshunde und verwandte Rassen
46%
Vorstehhunde
38%
Keine übereinstimmenden Quizze gefunden
Verteilung der Resultate
Anzahl Personen mit jedem Resultat
Perzentil nach korrekt beantworteten Fragen
Ihre Resultats-Entwicklung
Sie haben dieses Quiz noch nicht gespielt